ՀՀ Գիտությունների ազգային ակադեմիայի հիմնարար գիտական գրադարան  =   Fundamental Scientific Library of NAS RA

Мертвецы Коммуны : (Record no. 531828)

MARC details
000 -LEADER
fixed length control field 00689nam a2200217 a 4500
001 - CONTROL NUMBER
control field 1232886
003 - CONTROL NUMBER IDENTIFIER
control field AM-YEHGA
005 - DATE AND TIME OF LATEST TRANSACTION
control field 20260129154210.0
008 - FIXED-LENGTH DATA ELEMENTS--GENERAL INFORMATION
fixed length control field 171221s1905 un |||||||||||||||0|rus|d
040 ## - CATALOGING SOURCE
Original cataloging agency AM-YeHGA
041 1# - LANGUAGE CODE
Language code of text/sound track or separate title rus
Language code of original fre
090 ## - LOCALLY ASSIGNED LC-TYPE CALL NUMBER (OCLC); LOCAL CALL NUMBER (RLIN)
-- 570680
100 1# - MAIN ENTRY--PERSONAL NAME
Personal name Арну, Артюр
245 10 - TITLE STATEMENT
Title Мертвецы Коммуны :
Remainder of title Пер. с французского /
Statement of responsibility, etc. А. Арну.
260 ## - PUBLICATION, DISTRIBUTION, ETC.
Place of publication, distribution, etc. Одесса :
Name of publisher, distributor, etc. Буревестник,
Date of publication, distribution, etc. 1905.
300 ## - PHYSICAL DESCRIPTION
Extent 15 с. ;
Dimensions 21 см.
650 14 - SUBJECT ADDED ENTRY--TOPICAL TERM
Topical term or geographic name entry element Համաշխարհային պատմություն
9 (RLIN) 5843
650 14 - SUBJECT ADDED ENTRY--TOPICAL TERM
Topical term or geographic name entry element История Франции
651 #4 - SUBJECT ADDED ENTRY--GEOGRAPHIC NAME
Geographic name Франция
General subdivision История
942 ## - ADDED ENTRY ELEMENTS (KOHA)
Source of classification or shelving scheme Universal Decimal Classification
Koha item type Գրքեր / Books
Holdings
Withdrawn status Lost status Source of classification or shelving scheme Damaged status Not for loan Collection Home library Current library Date acquired Total checkouts Full call number Barcode Date last seen Price effective from Koha item type Public note
    Universal Decimal Classification     Kusikian Individual Collection Fundamental Scientific Library Fundamental Scientific Library 30/10/2024   Кус/183 FL0684903 30/10/2024 30/10/2024 Գրքեր / Books ILL Non-Circ.


ՀՀ ԳԱԱ հիմնարար գիտական գրադարան
ՀՀ,Երևան 0019
Մարշալ Բաղրամյան 24/6
հեռախոս:(374-10) 52-47-50
Հետադարձ կապ

All site content, except where otherwise noted, is licensed under a
Creative Commons License